Responses for show #6329 - Thursday, March 8, 2012

David Gard game 5.

Contestants

Jessamine Price, a graduate student in creative writing from Greenbelt, Maryland

Vijay Iyer, an attorney from New York, New York

David Gard, a retail horticulturist from Jamaica Plain, Massachusetts (whose 4-day cash winnings total $84,700)

Jeopardy! Round responses

HALL OF FAMERS
YOU'RE SO RECEPTACLE
TIME TO "ROCK" & "ROLL"
GET YOUR VERBS MOVING
ORGANIZATIONS
SOUTH AFRICAN WILDLIFE
(Kelly: ...from Madikwe Game Reserve. Some of the amazing adaptations that aren't as obvious as claws and speed.)
    $200 3
Lucille Ball

David
    $200 16
a caddy

David
    $200 1
the shamrock

Triple Stumper
    $200 7
jog

Vijay
    $200 21
police

Jessamine
    $200 24
capillaries

Jessamine
    $400 8
Dennis Rodman

Vijay
    $400 17
barrel

Vijay
    $400 2
Rollerblade

Vijay
    $400 10
vault

David
    $400 22
(David: What are Big Brother and Big Sister?)

Big Brothers and Big Sisters

David
Triple Stumper
    $400 25
prides

Jessamine
    $600 9
Michael Jackson

David
    $600 18
hopper

Triple Stumper
    $600 4
a rolltop

Jessamine
    $600 11
waltz

Jessamine
    $600 30
Sierra Club

David
    $600 26
(David: What is its height?)

its blood pressure

David
Triple Stumper
    $800 13
Nancy Lopez

Vijay
    $800 19
The Crucible

David
    $800 5
scroll

Jessamine
    $800 12
lope

Vijay
    $800 29
(Karl) Rove

Jessamine
    $1,000 27
cones

Jessamine
    $1000 14
Jaime Escalante

Vijay
    $1000 20
an ashcan

Jessamine
    $1000 6
rock candy

David
    $1000 15
(Jessamine: What is to vaunt?)

swagger

Jessamine
Triple Stumper
    $1000 23
(Jessamine: What is anti-steroid?)

Doping

VijayJessamine
    $1000 28
hertz

David

Scores at the first commercial break (after clue 15):

David Vijay Jessamine
$2,200 $3,600 $1,000

Scores at the end of the Jeopardy! Round:

David Vijay Jessamine
$3,800 $5,000 $3,600

Double Jeopardy! Round responses

WOMEN AUTHORS
BELLS
GREAT ART
MAY-DECEMBER MOVIES
I'M FEELING DIS-ORIENTED
"ADD" IT UP
    $400 10
Harriet Beecher Stowe

Vijay
    $400 1
water lilies

David
    $400 16
Bull Durham

Jessamine
    $400 17
Seoul

Jessamine
    $400 3
an addict

David
    $800 11
Pearl Buck

David
    $800 2
Thomas Gainsborough

Triple Stumper
    $800 18
Mongolia

Vijay
    $800 4
addressee

David
    $1200 12
Simone de Beauvoir

Vijay
    $1200 8
Rembrandt

Vijay
    $1200 19
Vladivostok

David
    $1200 5
an additive

Jessamine
    $1,800 13
Edith Wharton

Vijay
    $1600 24
(Vijay: What is an organ?)

a carillon

VijayJessamine
    $1600 9
sugarcane

Triple Stumper
    $1600 22
L.A. Story

Triple Stumper
    $1600 20
(Vijay: What is Royal Dutch?)

Holland America

Vijay
Triple Stumper
    $1600 6
addled

David
    $2000 14
Nadine Gordimer

Triple Stumper
    $4,000 25
(Jessamine: What is a...)
[The end-of-round signal sounds.]

campanile

Jessamine
    $2000 15
Georgia O'Keeffe

David
    $2000 23
Carey Mulligan

Triple Stumper
    $2000 21
Narita

Vijay
    $2000 7
(Joseph) Addison

Jessamine

Scores at the end of the Double Jeopardy! Round:

David Vijay Jessamine
$11,000 $9,200 $5,200

[wagering suggestions for these scores]

Final Jeopardy! Round responses

TONY-WINNING MUSICALS
JessamineWhat are Les Miserables and The Phantom of the Opera?
$4,001
VijayWhat are La Boheme and The Producers
$3,000
DavidWhat are Les Miserables and ___?
$9,000
Les Miserables & The Phantom of the Opera

Final scores:

David Vijay Jessamine
$2,000 $6,200 $9,201
3rd place: $1,000 2nd place: $2,000 New champion: $9,201

Game dynamics:

Coryat scores:

David Vijay Jessamine
$11,000 $9,000 $9,000
15 R,
2 W
14 R
(including 1 DD),
2 W
14 R
(including 1 DD),
3 W
(including 1 DD)

Combined Coryat: $29,000

The J! Archive is created by fans, for fans. The Jeopardy! game show and all elements thereof, including but not limited to copyright and trademark thereto, are the property of Jeopardy Productions, Inc. and are protected under law. This website is not affiliated with, sponsored by, or operated by Jeopardy Productions, Inc. Join the discussion at JBoard.tv.